Verejné právo časopis pre záujmy verejného práva a verejnej správy s Úradnou sbierkou rozhodnutí Najvyššieho správneho súdu ako prílohou

Bibliographic Details
Other Authors: Foltín, František (Publishing director)
Format: Journal
Language:Slovak
PhysicalDescription:8 zv. 24 cm
Published: Bratislava Právnická jednota 1940-1948
Subjects:

MARC

LEADER 00000cas a2200000 a 4500
001 vtls010302485
003 SK-MaSNL
005 20260228162847.0
008 140701d19401948xo mr|p 0 b0slo
040 |a SNK  |b slo  |c SNK  |e AACR2 
041 0 |a slo 
044 |a xo  |c SK 
072 7 |a 342  |x Ústavné právo. Správne právo  |2 konspekt 
080 |a 342  |2 2001 
245 0 0 |a Verejné právo  |b časopis pre záujmy verejného práva a verejnej správy s Úradnou sbierkou rozhodnutí Najvyššieho správneho súdu ako prílohou 
260 |a Bratislava  |b Právnická jednota  |c 1940-1948 
300 |a 8 zv.  |c 24 cm 
310 |a 1x mesačne 
362 0 |a Roč. I, č. 1 (1940); roč. VIII, č. 10 (1948) 
500 |a Hlav. a zodp. red.: František Foltín 
500 |a Nákl. a vyd.: Právnická jednota v Bratislave 
500 |a Tlač.:1/1940-6/1943, Únia, Bratislava; od 7/1943, Bežo a spol., Trnava 
650 0 7 |a verejné právo  |2 SNKPH  |9 985 
655 7 |a špecializované časopisy  |2 SNKPH  |9 70509 
700 1 |a Foltín, František  |4 pbd  |9 272334 
770 0 |t Úradná sbierka rozhodnutí Najvyššieho správneho súdu vo veciach administratívnych  |w vtls010302446 
770 0 |t Úradná sbierka rozhodnutí Najvyššieho súdu vo veciach finančných  |w vtls010302447 
910 |a snk 
916 |a 1940-1944, 1946-1948 
958 |a OND 
999 |c 8461  |d 10391 
952 |0 0  |1 0  |3 zmeniť status !!!  |4 0  |7 0  |8 1  |a SNK  |b SNK  |d 2009-03-31  |i snkVI. 2165/55  |l 0  |o snkČSC 394/6/1946 D1  |p 17A0614105  |r 2026-02-21 19:31:03  |t č. 1-10  |w 2026-02-21  |y PREZ 
952 |0 0  |1 0  |4 0  |7 0  |8 5  |a SNK  |b SNK  |d 2009-09-22  |i snkF 1126/68  |l 0  |o snkČSC 394/2/1941 D1  |p 17A0626942  |r 2026-02-21 19:42:29  |t č. 1-10  |w 2026-02-21  |y PREZ 
952 |0 0  |1 0  |4 0  |7 0  |a SNK  |b SNK  |d 2025-04-23  |i snkVI. 2169/55  |l 0  |o snkČSC 394/5/1944 D1  |p 17A1318011  |r 2026-02-21 19:50:31  |t č. 1-6  |w 2026-02-21  |y PREZ 
952 |0 0  |1 0  |4 0  |7 0  |8 5  |a SNK  |b SNK  |d 2025-04-23  |i snkF 1128/68  |l 0  |o snkČSC 394/4/1943 D1  |p 17A1318010  |r 2026-02-21 19:50:31  |t č. 1-10  |w 2026-02-21  |y PREZ 
952 |0 0  |1 0  |4 0  |7 0  |8 5  |a SNK  |b SNK  |d 2025-04-23  |i snkF 1127/68  |l 0  |o snkČSC 394/3/1942 D1  |p 17A1318009  |r 2026-02-21 19:50:31  |t č. 1-10  |w 2026-02-21  |y PREZ 
952 |0 0  |1 0  |4 0  |7 0  |8 5  |a SNK  |b SNK  |d 2025-04-23  |i snkF 1125/68  |l 0  |o snkČSC 394/1/1940 D1  |p 17A1318008  |r 2026-02-21 19:50:31  |t č. 1-10  |w 2026-02-21  |y PREZ 
952 |0 0  |1 0  |4 0  |7 0  |a SNK  |b SNK  |d 1998-02-26  |f 1  |l 0  |o snkČSC 394/5/1944  |p 17A0126106  |r 2005-01-02 00:00:00  |t č. 1-10  |w 2026-02-21  |y PREZ 
952 |0 0  |1 0  |4 0  |7 0  |a SNK  |b SNK  |d 1998-02-26  |f 1  |i snk129/47  |l 0  |o snkČSC 394/6/1946  |p 17A0126136  |r 2005-01-02 00:00:00  |t č. 1-10  |w 2026-02-21  |y PREZ 
952 |0 0  |1 0  |4 0  |7 0  |a SNK  |b SNK  |d 1998-02-26  |f 1  |i snk1748/48  |l 0  |o snkČSC 394/7/1947  |p 17A0124157  |r 2005-01-02 00:00:00  |t č. 1-10  |w 2026-02-21  |y PREZ 
952 |0 0  |1 0  |4 0  |7 0  |a SNK  |b SNK  |d 1998-08-24  |f 1  |i snk313/43  |l 0  |o snkČSC 394/2/1941  |p 17A0155670  |r 2005-01-02 00:00:00  |t č. 1-10  |w 2026-02-21  |y PREZ 
952 |0 0  |1 0  |4 0  |7 0  |a SNK  |b SNK  |d 1998-08-24  |l 0  |o snkČSC 394/8/1948 D1  |p 17A0155672  |r 2005-01-02 00:00:00  |t č. 1-10  |w 2026-02-21  |y PREZ 
952 |0 0  |1 0  |4 0  |7 0  |a SNK  |b SNK  |d 2002-05-31  |f 1  |i snk526/50  |l 0  |o snkČSC 394/8/1948  |p 17A0344074  |r 2005-01-02 00:00:00  |t č. 1-10  |w 2026-02-21  |y PREZ 
952 |0 0  |1 0  |4 0  |7 0  |a SNK  |b SNK  |d 1998-08-24  |i snkXI. 2282/55  |l 0  |o snkČSC 394/5/2/1945 D1  |p 17A0155675  |r 2005-01-02 00:00:00  |w 2026-02-21  |y PREZ 
952 |0 0  |1 0  |4 0  |7 0  |a SNK  |b SNK  |d 1998-08-24  |f 1  |i snk3283/44  |l 0  |o snkČSC 394/4/1943  |p 17A0155676  |r 2005-01-02 00:00:00  |t č. 1-10  |w 2026-02-21  |y PREZ 
952 |0 0  |1 0  |4 0  |7 0  |a SNK  |b SNK  |d 1998-08-24  |f 1  |i snk858/43  |l 0  |o snkČSC 394/3/1942  |p 17A0155678  |r 2005-01-02 00:00:00  |t č. 1-10  |w 2026-02-21  |y PREZ 
952 |0 0  |1 0  |4 0  |7 0  |a SNK  |b SNK  |d 1998-08-24  |f 1  |i snk1492/42  |l 0  |o snkČSC 394/1/1940  |p 17A0155680  |r 2005-01-02 00:00:00  |t č. 1-10  |w 2026-02-21  |y PREZ 
952 |0 0  |1 0  |4 0  |7 0  |8 3  |a SNK  |b SNK  |d 2017-08-18  |i snkK 2456/77  |l 0  |o snkČSC 394/7/1947 D1  |p 17A1152450  |r 2026-02-21 21:48:46  |w 2026-02-21  |y PREZ